Jurisprudencia del Tribunal Supremo : 1976-1977, sobre procedimiento administrativo 1976-1977, sobre procedimiento administrativo
Descripción Física:
200 p. ; 21 cm
MARC
| LEADER | 00000nam a2200000Ia 4500 | ||
|---|---|---|---|
| 001 | 14221 | ||
| 003 | BGR | ||
| 005 | 20260324175243.0 | ||
| 008 | 160829s1978 xx 000 0 cat d | ||
| 080 | |a D-2-112 | ||
| 110 | |a Espanya. |b Tribunal Supremo |9 11386 | ||
| 245 | |a Jurisprudencia del Tribunal Supremo : |b 1976-1977, sobre procedimiento administrativo | ||
| 260 | |a [Barcelona] : |b Ayuntamiento de Barcelona, Gabinete Técnico de Programación, |c 1978 | ||
| 300 | |a 200 p. ; |c 21 cm | ||
| 650 | |a Procediment administratiu |x Espanya |x Jurisprudència |9 23287 | ||
| 710 | 1 | |a Barcelona (Catalunya). |b Ajuntament |9 50981 | |
| 901 | |a Arxiu | ||
| 942 | |n 1 |2 udc |c MON | ||
| 952 | |0 0 |1 0 |4 0 |6 D2112 |7 1 |9 42652 |a Arxiu |b Arxiu |d 2016-12-01 |l 0 |o D-2-112 |p 14221 |r 2016-12-01 00:00:00 |w 2016-12-01 |y ARXIU | ||
| 999 | |c 45158 |d 45158 | ||